Психолінгвістичні особливості використання соціальних мереж як важливого засобу комунікації (Запис № 284975)
[ простий вигляд ]
| 000 -LEADER | |
|---|---|
| fixed length control field | 02119nam a22001577a 4500 |
| 041 ## - LANGUAGE CODE | |
| Language code of text/sound track or separate title | ukr |
| 080 ## - UNIVERSAL DECIMAL CLASSIFICATION NUMBER | |
| Universal Decimal Classification number | 09 |
| 090 ## - LOCALLY ASSIGNED LC-TYPE CALL NUMBER (OCLC); LOCAL CALL NUMBER (OCLC) | |
| Local cutter number (OCLC) ; Book number/undivided call number, CALL (RLIN) | КЛЕ |
| 100 ## - MAIN ENTRY--PERSONAL NAME | |
| Personal name | Клець Т. А. |
| 245 ## - TITLE STATEMENT | |
| Title | Психолінгвістичні особливості використання соціальних мереж як важливого засобу комунікації |
| 260 ## - PUBLICATION, DISTRIBUTION, ETC. (IMPRINT) | |
| Place of publication, distribution, etc | Острог |
| Name of publisher, distributor, etc | КАФ |
| Date of publication, distribution, etc | 2012 |
| 300 ## - PHYSICAL DESCRIPTION | |
| Extent | 51 |
| 520 ## - SUMMARY, ETC. | |
| Summary, etc | РОЗДІЛ 1. ТЕОРЕТИЧНІ АСПЕКТИ ПСИХОЛІНГВІСТИКИ. ПСИХОЛІНГВІСТИЧНІ ОСОБЛИВОСТІ ІНТЕРНЕТ СПІЛКУВАННЯ.<br/>1.1. Психолінгвістика як наука.<br/>1.2. Властивості Інтернет-спілкування та його вплив на розвиток мовлення.<br/>1.3. Психолінгвістичні особливості та перспективи дослідження Інтернет-спілкування.<br/>РОЗДІЛ 2. РОЗВИТОК ТА СУЧАСНИЙ СТАН СОЦІАЛЬНИХ МЕРЕЖ.<br/>2.1. Онтогенез соціальних мереж та їх види.<br/>2.2. Сучасний рівень розвитку соціальних мереж.<br/>2.3. Психолінгвістичні особливості використання інтернет-ресурсів різними віковими групами.<br/>РОЗДІЛ 3. СОЦІАЛЬНІ МЕРЕЖІ ЯК ЗАСІБ СПІДКУВАННЯ.<br/>3.1. Виявлення ступеня використання соціальних мереж студентами Національного університету "Острозька академія".<br/>3.2. Використання графічних засобів вираження емоцій (смайлів) та скорочень в спілкуванні у соціальних мережах.<br/>3.3. Соціальні мережі як засіб комунікації в рамках сучасної освіти. |
| -- | соціальні мережі, психолінгвістика |
| 650 ## - SUBJECT ADDED ENTRY--TOPICAL TERM | |
| Topical term or geographic name as entry element | Research Papers |
| 942 ## - ADDED ENTRY ELEMENTS (KOHA) | |
| Koha item type | Книги |
| Withdrawn status | Lost status | Source of classification or shelving scheme | Damaged status | Not for loan | Home library | Current library | Date acquired | Source of acquisition | Cost, normal purchase price | Total Checkouts | Full call number | Barcode | Date last seen | Price effective from | Koha item type |
|---|---|---|---|---|---|---|---|---|---|---|---|---|---|---|---|
| Universal Decimal Classification | ВІЛ - Відділ іноземн. літератури НБ | ВІЛ - Відділ іноземн. літератури НБ | 18/09/2012 | Акт №5 | 1.00 | 09 | 215017 | 10/11/2021 | 18/09/2012 | Книги |